000 00807nas a2200265 4500
001 BR0204769
003 BR-BrBNA
005 20231205103244.0
007 ta
008 230509b bl.|||p| |||| 00| 00por d
040 _aBR-BrBNA
_bpor
_cBiblioteca Nacional de Agricultura
041 _a(Pt)
072 _aK10
100 1 _aDeusdará Filho, R.
100 1 _aZerbini, N.J.
245 1 _aCritérios e indicadores para a sustentabilidade da Floresta Amazônica: o processo de Tarapoto
650 _aFLORESTA
650 _aPRÁTICA CULTURAL
650 _aPOLÍTICA FLORESTAL
650 _aMEIO AMBIENTE
650 _aAMAZÔNIA
773 0 _tBrasil Florestal (Brazil)
_xISSN 0045-270X
_g(Sep 2001), v. 20(71) p. 42-48
_wBR0204769
909 _a202311
_bLúcia
_c55
_dLúcia Elande
942 _2AGRIS
_n0
_cANA
999 _c171916
_d171916